00590nam a2200157 a 450000100100000000500170001000800410002702000150006804000250008308200200010824501320012826000540026030000310031465000600034570000270040500004214020201002035950.0131114p2007 pr c 000 j spa d a1932913289 aDO-SdBNPbspacBNPHU aPR863.44bR383c00aRelatos en espiga. :bcuentos del grupo guajana /cselección, investigación, notas y bibliografía, Reynaldo Marcos Padua. aSan Juan, Puerto Rico, :bHuracán,40967,c2007. a232 p. :bretrs. ;c23 cm. 4aCuentos puertorriqueñosxLiteratura puertorriqueños12aPadua, Reynaldo Marcos